| 000 | 01570nam a22002777a 4500 | ||
|---|---|---|---|
| 999 |
_c8630 _d8630 |
||
| 003 | GBCCL | ||
| 005 | 20241126110654.0 | ||
| 008 | 210510b ||||| |||| 00| 0 eng d | ||
| 020 | _a9781602581425 | ||
| 020 | _a9781602581654 | ||
| 020 | _a1602581657 | ||
| 020 | _a1602581428 | ||
| 040 | _cGBC | ||
| 082 |
_a177.7 _bBOF |
||
| 100 |
_aBoff, Leonardo _915230 |
||
| 245 |
_aEssential care : _ban ethics of human nature / _cLeonardo Boff ; translation and notes, Alexandre Guilherme |
||
| 260 |
_aWaco, TX : _bBaylor University Press, _c©2008 |
||
| 300 | _axi, 178 p. | ||
| 501 | _aOriginally published: London : SPCK, ©2007 Translated from the Portuguese | ||
| 505 | _aThe issue of care serves as a critique of the agonising situation of our civilisation, but it also serves as an inspiring principle for a fresh paradigm of living together. This book envisions a globalised society in the great common home of the earth and of a world in which care has been recognised as a fundamental ethos of the human being. | ||
| 505 | _a 1. Carelessness: a sign of our times 2. To care: the ethos of the human being 3. The fable-myth about "care" 4. An ingenious slave: Gaius Julius Hyginus 5. Explaining the fable-myth about care 6. Dimensions of care 7. The nature of care 8. Resonances of care 9. Concretizations of care 10. Pathologies of care 11. Exemplary figures of care Conclusion: to care and the future of the dispossessed of the earth | ||
| 650 |
_aCaring. _911167 |
||
| 650 |
_aConduct of life. _9524 |
||
| 650 |
_aCaring _911167 |
||
| 942 |
_2ddc _cBK |
||